[Event "Gistrup Int"]
[Site "Gistrup"
[Date "1992.??.??"]
[Round "8"]
[White "Nielsen, Tommy"]
[Black "Pedersen, Steffen"]
[Result "0-1"]
[WhiteElo "2250"]
[BlackElo "2360"]

1. e4 d6 2. d4 Nf6 3. Nc3 e5 4. dxe5 dxe5 5. Qxd8+ Kxd8 6. Bg5 Be6 7.
O-O-O+ Nbd7 8. g3 Kc8 9. f3 c6 10. Bh3 Bc5 11. Bxe6 fxe6 12. Na4 Bb4
13. a3 Be7 14. Ne2 Re8 15. Kb1 b5 16. Nac3 Nb6 17. Rd3 Nfd7 18. Bxe7
Rxe7 19. f4 Nc5 20. Rf3 Nc4 21. Kc1 a5 22. fxe5 b4 23. Nb1 Kc7 24. Rhf1
Nxe5 25. Rf8 Rxf8 26. Rxf8 Nxe4 27. Ra8 Kb6 28. Nf4 g5 29. Nd3 Rf7 30.
Nd2 Nxd3+ 31. cxd3 Nxd2 32. Kxd2 Rf2+ 33. Kc1 Rxh2 34. Rg8 h6 35. Rg6
e5 36. Re6 b3 37. Rxe5 Rc2+ 0-1

[Event "Gistrup Int"]
[Site "Gistrup"
[Date "1992.??.??"]
[Round "8"]
[White "Fries Nielsen, Jens Ove"]
[Black "Konopka, Michal"]
[Result "1/2-1/2"]
[WhiteElo "2385"]
[BlackElo "2350"]

1. d4 Nf6 2. Bg5 Ne4 3. Bh4 c5 4. dxc5 Qa5+ 5. c3 Qxc5 6. Nd2 Nxd2 7.
Qxd2 g6 8. e4 Bg7 9. f4 O-O 10. Nf3 Nc6 11. Bf2 Qa5 12. Be2 d6 13. O-O
Bd7 14. Bh4 b5 15. Kh1 Rfe8 16. a3 Qb6 17. f5 gxf5 18. Bf2 Qb7 19. exf5
Bxf5 20. Qd5 Be6 21. Qh5 Ne5 22. Bd4 f6 23. Nxe5 dxe5 24. Be3 Qe4 25.
Qf3 1/2-1/2

[Event "Gistrup Int"]
[Site "Gistrup"
[Date "1992.??.??"]
[Round "9"]
[White "Zezulkin, J"]
[Black "Poley, Vladimir"]
[Result "0-1"]
[WhiteElo "2440"]
[BlackElo "2360"]

1. e4 g6 2. d4 Bg7 3. Nc3 c6 4. Nf3 d5 5. h3 dxe4 6. Nxe4 Nd7 7. Bc4
Ngf6 8. Ng3 O-O 9. O-O c5 10. a4 Qc7 11. Qe2 e6 12. a5 cxd4 13. Nxd4 a6
14. Nf3 Nd5 15. c3 Nf4 16. Qe4 e5 17. Bxf4 exf4 18. Ne2 Ne5 19. Bd5 Bf5
20. Qxf4 Rad8 21. Nxe5 Bxe5 22. Qf3 Rfe8 23. Bxb7 Rd3 24. Qc6 Qd8 25.
Qxa6 Bb8 26. Nd4 Rxh3 27. Nxf5 Bh2+ 28. Kh1 Rh4 29. Nxh4 Qxh4 30. g3
Bxg3+ 31. Kg2 Qh2+ 32. Kf3 Bxf2 33. Rxf2 Qh3+ 34. Kf4 Qe3+ 35. Kg4 h5+
36. Kh4 Qxf2+ 37. Kh3 Re3+ 0-1

[Event "Gistrup Int"]
[Site "Gistrup"
[Date "1992.??.??"]
[Round "9"]
[White "Konopka, Michal"]
[Black "Kruszynski, Wlodzimierz"]
[Result "1/2-1/2"]
[WhiteElo "2350"]
[BlackElo "2380"]

1. Nf3 Nf6 2. c4 e6 3. g3 b6 4. Bg2 Bb7 5. O-O c5 6. Nc3 d6 7. d4 cxd4
8. Qxd4 a6 9. Bg5 Nbd7 10. Nd2 Bxg2 11. Kxg2 Be7 12. Nde4 Qc7 13. Rfd1
O-O 14. Rac1 1/2-1/2

[Event "Gistrup Int"]
[Site "Gistrup"
[Date "1992.??.??"]
[Round "9"]
[White "Pedersen, Steffen"]
[Black "Fries Nielsen, Jens Ove"]
[Result "1/2-1/2"]
[WhiteElo "2360"]
[BlackElo "2385"]

1. d4 e6 2. e4 d5 3. Nd2 dxe4 4. Nxe4 Nd7 5. Nf3 Ngf6 6. Nxf6+ Nxf6 7.
Bc4 Be7 8. O-O O-O 9. Re1 c5 10. c3 Qc7 11. Qe2 b6 12. Ne5 1/2-1/2

[Event "Gistrup Int"]
[Site "Gistrup"
[Date "1992.??.??"]
[Round "9"]
[White "Hansen, Sune Berg"]
[Black "Nielsen, Tommy"]
[Result "1-0"]
[WhiteElo "2370"]
[BlackElo "2250"]

1. d4 Nf6 2. c4 g6 3. Nc3 d5 4. cxd5 Nxd5 5. e4 Nxc3 6. bxc3 Bg7 7. Nf3
c5 8. Rb1 a6 9. Be2 Qa5 10. O-O Qxa2 11. Bg5 Qa5 12. d5 Qc7 13. Qd2 Nd7
14. Qe3 Ne5 15. Nd2 Ng4 16. Bxg4 Bxg4 17. Bf4 Qa5 18. e5 b5 19. d6 exd6
20. exd6+ Be6 21. d7+ Kxd7 22. Rfd1 Ke8 23. Be5 Kf8 24. Qxc5+ Kg8 25.
Bxg7 Kxg7 26. Qe5+ Kh6 27. g4 Rhd8 28. g5+ Kh5 29. Ne4 Bf5 30. Ng3+
Kxg5 31. h4+ Kxh4 32. Qf4+ Bg4 33. Kg2 b4 34. Rh1# 1-0

[Event "Gistrup Int"]
[Site "Gistrup"
[Date "1992.??.??"]
[Round "9"]
[White "Meyer, Lars August"]
[Black "Bator, Robert"]
[Result "1/2-1/2"]
[WhiteElo "2325"]
[BlackElo "2345"]

1. d4 Nf6 2. c4 e6 3. Nf3 b6 4. a3 Bb7 5. Nc3 d5 6. cxd5 exd5 7. Bg5
Be7 8. Bxf6 Bxf6 9. g3 O-O 10. Bg2 Re8 11. O-O 1/2-1/2